000 00660nam a2200205Ia 4500
003 GCL
008 140319s9999 xx 000 0 ara d
040 _aGCL /
_cGCL
082 0 4 _a658.404
_bس م
100 1 _aسعيد يس عامر
245 1 0 _aالمؤتمر السنوى الثالث : استراتيجيات التغير وتطوير منظمات الاعمال العربية 1993 /
_cسعيد يس عامر
260 _a[S.N] :
_bوايد سرفيس ،
_c1993
300 _a403 ص
490 _a
650 0 4 _aادارة الاعمال
650 0 4 _aالادارة
650 0 4 _aالتخطيط
650 0 4 _aالتنظيم
942 _2ddc
_cBK
999 _c36951
_d36951